Introduction to biomechatronics (Record no. 51773)
[ view plain ]
| 000 -LEADER | |
|---|---|
| fixed length control field | 01269nam a22003373u 4500 |
| 001 - CONTROL NUMBER | |
| control field | vtls003275251 |
| 003 - CONTROL NUMBER IDENTIFIER | |
| control field | MY-SjTCS |
| 005 - DATE AND TIME OF LATEST TRANSACTION | |
| control field | 20200306164933.0 |
| 007 - PHYSICAL DESCRIPTION FIXED FIELD--GENERAL INFORMATION | |
| fixed length control field | cr ||||||||||| |
| 008 - FIXED-LENGTH DATA ELEMENTS--GENERAL INFORMATION | |
| fixed length control field | 180411s2012 ncu| fs| 00| 0|eng d |
| 020 ## - INTERNATIONAL STANDARD BOOK NUMBER | |
| International Standard Book Number | 9781613530504 |
| 035 ## - SYSTEM CONTROL NUMBER | |
| System control number | (UkSgIET)SBCS003E |
| 039 #9 - LEVEL OF BIBLIOGRAPHIC CONTROL AND CODING DETAIL [OBSOLETE] | |
| Level of rules in bibliographic description | 201804111132 |
| Level of effort used to assign nonsubject heading access points | shuhada |
| -- | 201801081741 |
| -- | shuhada |
| 040 ## - CATALOGING SOURCE | |
| Original cataloging agency | UkSgIET |
| Language of cataloging | eng |
| Transcribing agency | UkSgIET |
| 100 1# - MAIN ENTRY--PERSONAL NAME | |
| Personal name | Brooker, Graham M. |
| 9 (RLIN) | 256739 |
| 245 10 - TITLE STATEMENT | |
| Title | Introduction to biomechatronics |
| Medium | [electronic resource] / |
| Statement of responsibility, etc. | Brooker. |
| 260 ## - PUBLICATION, DISTRIBUTION, ETC. | |
| Place of publication, distribution, etc. | Raleigh, NC : |
| Name of publisher, distributor, etc. | SciTech Publishing Inc., |
| Date of publication, distribution, etc. | 2012. |
| 300 ## - PHYSICAL DESCRIPTION | |
| Extent | 1 online resource ( p.) |
| 490 1# - SERIES STATEMENT | |
| Series statement | Materials, Circuits & Devices |
| 650 #0 - SUBJECT ADDED ENTRY--TOPICAL TERM | |
| Topical term or geographic name entry element | Biomedical engineering. |
| 9 (RLIN) | 19411 |
| 650 #0 - SUBJECT ADDED ENTRY--TOPICAL TERM | |
| Topical term or geographic name entry element | Cardiovascular system. |
| 9 (RLIN) | 256740 |
| 650 #0 - SUBJECT ADDED ENTRY--TOPICAL TERM | |
| Topical term or geographic name entry element | Hearing. |
| 9 (RLIN) | 63953 |
| 650 #0 - SUBJECT ADDED ENTRY--TOPICAL TERM | |
| Topical term or geographic name entry element | Medical technology. |
| 9 (RLIN) | 24218 |
| 650 #0 - SUBJECT ADDED ENTRY--TOPICAL TERM | |
| Topical term or geographic name entry element | Neurophysiology. |
| 9 (RLIN) | 6858 |
| 650 #0 - SUBJECT ADDED ENTRY--TOPICAL TERM | |
| Topical term or geographic name entry element | Robotics in medicine. |
| 9 (RLIN) | 42681 |
| 650 #0 - SUBJECT ADDED ENTRY--TOPICAL TERM | |
| Topical term or geographic name entry element | Signal processing. |
| 9 (RLIN) | 256741 |
| 650 #0 - SUBJECT ADDED ENTRY--TOPICAL TERM | |
| Topical term or geographic name entry element | Transducers, Biomedical. |
| 9 (RLIN) | 256742 |
| 650 #0 - SUBJECT ADDED ENTRY--TOPICAL TERM | |
| Topical term or geographic name entry element | Vision. |
| 9 (RLIN) | 26766 |
| 830 #0 - SERIES ADDED ENTRY--UNIFORM TITLE | |
| Uniform title | Materials, Circuits & Devices. |
| 9 (RLIN) | 220462 |
| 856 4# - ELECTRONIC LOCATION AND ACCESS | |
| Uniform Resource Identifier | https://ezproxy.taylors.edu.my/login?url=http://digital-library.theiet.org/content/books/cs/sbcs003e |
| Public note | An electronic book accessible through the World Wide Web; click to view |
| Withdrawn status | Lost status | Damaged status | Not for loan | Home library | Current library | Date acquired | Total Checkouts | Date last seen | Price effective from | Koha item type | Public note |
|---|---|---|---|---|---|---|---|---|---|---|---|
| e-book | Taylor's Library-TU | Taylor's Library - Perpetual(TU) | 02/03/2026 | 02/03/2026 | 02/03/2026 | Main Collection | SOExx,92607,03,CL,PPT |